00454nam a22001457a 45000050016000000100015000160200011000310350013000420370013000550820012000682450050000802600084001302700061002143000033002752010082002522.0 aENG-101077 c150.00 aEN-84610 bDBAD/PUB a305.231 aResearch on ICDS :ban overview (1986-1995) / aNew DelhibNational Institute of Public Cooperation and Child Developmentc2009 a5, Siri Institutional Area, Hauz KhasbNew Delhie110016 aV.2 (xxiv,256p.)c27cm (pbk)